000 00672nam a2200205Ia 4500
003 OSt
005 20230113141404.0
008 210210b1909 xxu||||| |||| 00| 0 eng d
040 _cAL
041 _aeng
082 _a030/56
100 _aJOHNSON (Samuel)
_968930
245 _aDictionary of the English Language: In Which The Words are Deduced From Their Originals and Illustrated in their Different Significations by Examples from the Best Writers Vol 1
260 _bRichard Griffin and Co
_c1909
_aLondon
300 _a760
650 _aHistory of the Language and An English Grammar
_968931
650 _aDictionary
_968942
906 _a000104
942 _2ddc
_cBK
999 _c76632
_d76632